000 00683nam a2200241 a 4500
001 BRCA_4328
005 20190320204629.0
008 261108s1945----u--a######---#000-0#eng-u
041 _aeng
044 _au
050 4 _aNK3780
_b.C69 2 1945
100 1 _aCox, Warren Earle
_97284
245 1 0 _aThe Book of Pottery and Porcelain
_cby Warren Earle Cox.
260 _aEstados Unidos de América
_bCrown
_c1945
300 _a2 v.
_bil. (algunas a color)
_c24 cm.
500 _aVer también A25 (1949)
500 _aCEF118
650 1 4 _aMarcas de cerámica
_97225
650 1 4 _aCerámica
_xHistoria
_91463
650 1 4 _aPorcelana
_xHistoria
_91464
902 _aGFM
942 _2lcc
_cB
999 _c4039
_d4039